000 nam a22 a 4500
999 _c164834
_d164834
003 BLK
005 20221114170705.0
008 180410b bul|||||r ||||||| ||bul||
010 _aKNG00172383000
040 _aBLK
041 _aBUL
_cBUL
080 _aБългарска литература
_b821.163.2
_x-93-31
_z821.163.2-93-31
100 1 _aГулев, Димитър Ламбрев
_eпърви автор
_9378914
139 _aГулев, Димитър Ламбрев
_bГ 92
245 1 0 _aЗдравей и сбогом, Дон Кихот
_bРоман за юноши
_cДимитър Ламбрев Гулев
257 _aBGR
260 _aСофия
_bБълг. писател
_c1978
300 _a199 с.
_c22 см
380 _aDX
653 _aдетска литература
653 _aлитература за деца
852 _aЦб 94299
_bЦб
856 4 _qpdf
_i0.00
_ldisable
942 _cKNG
_n0
_s1
944 _aCR
_c04.03.2015
_kТеодора_Стоянова
944 _aED
_c04.03.2015
_kТеодора_Стоянова